Law and practice relating to oil pollution from ships (Record no. 12062)

000 -LEADER
fixed length control field 00570nam a2200193 i 4500
001 - CONTROL NUMBER
control field 12062
003 - CONTROL NUMBER IDENTIFIER
control field BD-DhUET
008 - FIXED-LENGTH DATA ELEMENTS--GENERAL INFORMATION
fixed length control field 790615s1978 enk b 001 0 eng
040 ## - CATALOGING SOURCE
Original cataloging agency DLC
Transcribing agency DLC
Modifying agency BD-DhUET
082 ## - DEWEY DECIMAL CLASSIFICATION NUMBER
Classification number 626.874
Item number ABE/1978
100 ## - MAIN ENTRY--PERSONAL NAME
Personal name Abecassis, David william
245 14 - TITLE STATEMENT
Title Law and practice relating to oil pollution from ships
Statement of responsibility, etc. by David W. Abecassis
250 ## - EDITION STATEMENT
Edition statement 1st ed.
260 ## - PUBLICATION, DISTRIBUTION, ETC. (IMPRINT)
Place of publication, distribution, etc. London
Name of publisher, distributor, etc. Butterworths
Date of publication, distribution, etc. 1978
300 ## - PHYSICAL DESCRIPTION
Extent xxxviii, 275 p.
Other physical details ill.
Dimensions 26 cm.
504 ## - BIBLIOGRAPHY, ETC. NOTE
Bibliography, etc Includes bibliographies
650 #0 - SUBJECT ADDED ENTRY--TOPICAL TERM
Topical term or geographic name as entry element Pollution marine fuels
942 ## - ADDED ENTRY ELEMENTS (KOHA)
Koha item type General Book
Holdings
Koha item type Location (home branch) Sublocation or collection (holding branch) Lost status Withdrawn status Price effective from Source of classification or shelving scheme Damaged status Koha full call number Koha date last seen Date acquired Piece designation (barcode) Not for loan Shelving location Copy number Koha normalized classification for sorting
General BookCentral Library, BUETCentral Library, BUET  2015-02-23  626.874/ABE/19782015-02-232015-02-2353750 Circulation section1626_874000000000000_ABE_1978
General BookCentral Library, BUETCentral Library, BUET  2015-02-23  626.874/ABE/19782015-02-232015-02-2352157 Circulation section2626_874000000000000_ABE_1978
General BookCentral Library, BUETCentral Library, BUET  2015-02-23  626.874/ABE/19782015-02-232015-02-2352156 Circulation section3626_874000000000000_ABE_1978
General BookCentral Library, BUETCentral Library, BUET  2015-06-22  626.874/ABE/19782015-06-222015-06-2253749 Reading section4626_874000000000000_ABE_1978